[Event "SB-2019-0-00571"]
[Site "LSS email"]
[Date "2019.05.18"]
[Round "?"]
[White "Novikov, Evgeny"]
[Black "Reyes Sablon, Alberto"]
[Result "1/2-1/2"]
[WhiteElo "1875"]
[BlackElo "1938"]
[PlyCount "64"]
[EventDate "2019.03.16"]
[EventType "tourn (corr)"]
[EventRounds "6"]
[EventCountry "GER"]
[SourceTitle "Corr 2022"]
[Source "ChessBase"]
[SourceDate "2021.10.24"]
[SourceVersion "1"]
[SourceVersionDate "2021.10.24"]
[SourceQuality "1"]

1. e4 c5 2. Nf3 d6 3. d4 cxd4 4. Nxd4 Nf6 5. Nc3 a6 6. Be2 e5 7. Nb3 Be7 8. 0-0 0-0 9. Be3 Be6 10. Qd3 Nbd7 11. Nd5 Bxd5 12. exd5 Ne8 13. a4 f5 14. f4 g6 15. fxe5 Nxe5 16. Qd2 Rc8 17. Nd4 Ng7 18. Rac1 Re8 19. c4 Bf6 20. a5 h5 21. b3 Ng4 22. Bxg4 hxg4 23. Rce1 Rc7 24. Bh6 Rce7 25. Rxe7 Qxe7 26. Bxg7 Qxg7 27. Ne6 Qh8 28. b4 Bc3 29. Qg5 Bd4+ 30. Kh1 Qf6 31. Qxf6 Bxf6 32. c5 dxc5 1/2-1/2

[Event "SB-2019-0-00571"]
[Site "LSS email"]
[Date "2019.05.06"]
[Round "?"]
[White "Vodicka, Milan"]
[Black "Novikov, Evgeny"]
[Result "1/2-1/2"]
[WhiteElo "1913"]
[BlackElo "1875"]
[PlyCount "33"]
[EventDate "2019.03.16"]
[EventType "tourn (corr)"]
[EventRounds "6"]
[EventCountry "GER"]
[SourceTitle "Corr 2022"]
[Source "ChessBase"]
[SourceDate "2021.10.24"]
[SourceVersion "1"]
[SourceVersionDate "2021.10.24"]
[SourceQuality "1"]

1. e4 c5 2. Nf3 Nc6 3. d4 cxd4 4. Nxd4 e5 5. Nb5 d6 6. c4 Nf6 7. N5c3 g6 8. Na3 Bg7 9. Be2 0-0 10. Nc2 Be6 11. 0-0 Nd4 12. b3 Re8 13. Be3 Nxe2+ 14. Qxe2 a6 15. Rfd1 Rc8 16. f3 b5 17. Nd5 1/2-1/2

[Event "SB-2019-0-00571"]
[Site "LSS email"]
[Date "2019.05.01"]
[Round "?"]
[White "Knoeppel, Bjoern"]
[Black "Novikov, Evgeny"]
[Result "0-1"]
[WhiteElo "1994"]
[BlackElo "1875"]
[PlyCount "117"]
[EventDate "2019.03.16"]
[EventType "tourn (corr)"]
[EventRounds "6"]
[EventCountry "GER"]
[SourceTitle "Corr 2022"]
[Source "ChessBase"]
[SourceDate "2021.10.24"]
[SourceVersion "1"]
[SourceVersionDate "2021.10.24"]
[SourceQuality "1"]

1. d4 d5 2. Nc3 Nf6 3. Bf4 e6 4. Nb5 Na6 5. e3 c6 6. Nc3 Bb4 7. Nge2 0-0 8. a3 Bd6 9. h3 Nc7 10. Qd2 a5 11. g4 Bxf4 12. exf4 b5 13. Qe3 Nd7 14. Nc1 Bb7 15. Bg2 Ba6 16. 0-0 b4 17. N3e2 bxa3 18. Qxa3 Bc4 19. b3 Bb5 20. Re1 a4 21. Qb4 axb3 22. Rxa8 Nxa8 23. cxb3 Qc7 24. f5 exf5 25. gxf5 Rb8 26. Qe7 Nf6 27. Nc3 Ba6 28. Na4 Qa5 29. Nc5 Nc7 30. b4 Qxb4 31. Re3 Rc8 32. Rg3 Nce8 33. Qe3 Ra8 34. Qa3 Qe1+ 35. Kh2 Nc7 36. Nxa6 Rxa6 37. Qc3 Qxf2 38. Nd3 Qxf5 39. Nb4 Ra4 40. Qxc6 Rxb4 41. Qxc7 g6 42. Rf3 Qe6 43. Qe5 Qxe5+ 44. dxe5 Nh5 45. Rf2 Rd4 46. Bf3 Nf4 47. Kg3 g5 48. Ra2 h5 49. Ra7 Rd3 50. Ra5 Re3 51. h4 Nd3 52. Kg2 d4 53. e6 g4 54. exf7+ Kxf7 55. Bd1 Kf6 56. Rg5 Nf4+ 57. Kf1 Rh3 58. Bxg4 hxg4 59. Rxg4 0-1

[Event "SC-2019-0-00371"]
[Site "LSS email"]
[Date "2019.05.01"]
[Round "?"]
[White "Novikov, Evgeny"]
[Black "Mueller, Bernd"]
[Result "1/2-1/2"]
[WhiteElo "1875"]
[BlackElo "1738"]
[PlyCount "80"]
[EventDate "2019.02.08"]
[EventType "tourn (corr)"]
[EventRounds "6"]
[EventCountry "GER"]
[SourceTitle "Corr 2022"]
[Source "ChessBase"]
[SourceDate "2021.10.24"]
[SourceVersion "1"]
[SourceVersionDate "2021.10.24"]
[SourceQuality "1"]

1. Nf3 d5 2. d4 Bf5 3. c4 e6 4. Bg5 Be7 5. Bxe7 Qxe7 6. e3 Nf6 7. Nbd2 0-0 8. Rc1 c6 9. Be2 h6 10. 0-0 a5 11. Qb3 Rd8 12. c5 Ne4 13. Nxe4 Bxe4 14. Ne5 f6 15. Nd3 e5 16. Rce1 a4 17. Qc3 Re8 18. f4 Nd7 19. Nf2 Bf5 20. Nh1 Bg6 21. Ng3 Rf8 22. Rc1 Kh8 23. Rfe1 Rfb8 24. Bg4 e4 25. Rc2 Rf8 26. f5 Bf7 27. Nh5 Bxh5 28. Bxh5 Ra7 29. Rb1 Rfa8 30. Qe1 Nf8 31. Qf2 Kg8 32. h4 Ra6 33. g4 b6 34. Rbc1 bxc5 35. Rxc5 Qb7 36. R5c2 Rb6 37. Kg2 Rb8 38. Kh3 Qd7 39. Rg1 Rc8 40. Qf4 Nh7 1/2-1/2

[Event "SC-2019-0-00371"]
[Site "LSS email"]
[Date "2019.05.01"]
[Round "?"]
[White "Sandocal, Uzmir"]
[Black "Novikov, Evgeny"]
[Result "0-1"]
[WhiteElo "1879"]
[BlackElo "1875"]
[PlyCount "84"]
[EventDate "2019.02.08"]
[EventType "tourn (corr)"]
[EventRounds "6"]
[EventCountry "GER"]
[SourceTitle "Corr 2022"]
[Source "ChessBase"]
[SourceDate "2021.10.24"]
[SourceVersion "1"]
[SourceVersionDate "2021.10.24"]
[SourceQuality "1"]

1. b3 d5 2. e3 e5 3. Bb2 Nd7 4. d4 e4 5. Ne2 c6 6. c4 Bb4+ 7. Nec3 Ne7 8. Be2 f5 9. Ba3 Bxa3 10. Nxa3 0-0 11. 0-0 Nf6 12. Rb1 g5 13. Qd2 Qd6 14. cxd5 cxd5 15. Nab5 Qb8 16. Na4 a6 17. Nbc3 b6 18. f4 h6 19. Nd1 Bd7 20. Qb4 Nc8 21. Rc1 g4 22. Qd2 Kf7 23. Nf2 Rg8 24. Rc2 Qd6 25. Qc3 Ra7 26. Rfc1 Ne7 27. Nd1 g3 28. Qe1 gxh2+ 29. Kxh2 Rg6 30. Kg1 Ra8 31. Bf1 Rg7 32. a3 a5 33. Ndc3 h5 34. Bb5 Rag8 35. Bxd7 Nxd7 36. Qh4 Qxa3 37. Rb1 Nf6 38. Qh2 Qb4 39. Kh1 Rg3 40. Re2 R8g4 41. Nd1 Ng6 42. Nf2 Rxg2 0-1

[Event "SB-2019-0-00571"]
[Site "LSS email"]
[Date "2019.05.01"]
[Round "?"]
[White "Vysotskiy, Evgeniy"]
[Black "Novikov, Evgeny"]
[Result "1/2-1/2"]
[WhiteElo "1904"]
[BlackElo "1875"]
[PlyCount "52"]
[EventDate "2019.03.16"]
[EventType "tourn (corr)"]
[EventRounds "6"]
[EventCountry "GER"]
[SourceTitle "Corr 2022"]
[Source "ChessBase"]
[SourceDate "2021.10.24"]
[SourceVersion "1"]
[SourceVersionDate "2021.10.24"]
[SourceQuality "1"]

1. d4 d5 2. c4 c6 3. Nf3 Nf6 4. cxd5 cxd5 5. Nc3 Nc6 6. Bf4 a6 7. e3 Bg4 8. h3 Bxf3 9. Qxf3 e6 10. Be2 Bd6 11. 0-0 Bxf4 12. Qxf4 0-0 13. Rac1 Rc8 14. Rfd1 Qb6 15. Rc2 h6 16. h4 Nb4 17. Rcd2 Qc7 18. Qf3 Nc6 19. g4 Ne8 20. g5 f5 21. Qh3 Nd6 22. Bh5 Qe7 23. f4 Kh7 24. Bf3 b5 25. Kh2 Na5 26. Rg2 Nac4 1/2-1/2

[Event "FICGS class C 000303 email"]
[Site "FICGS email"]
[Date "2019.04.08"]
[Round "1"]
[White "Novikov, Evgeny"]
[Black "Duttagupta, Aniruddha"]
[Result "0-1"]
[WhiteElo "2106"]
[BlackElo "2122"]
[PlyCount "98"]
[EventDate "2019.??.??"]
[EventType "tourn (corr)"]
[EventRounds "1"]
[SourceTitle "Corr 2022"]
[Source "ChessBase"]
[SourceDate "2021.10.24"]
[SourceVersion "1"]
[SourceVersionDate "2021.10.24"]
[SourceQuality "1"]

1. e4 c5 2. Nf3 d6 3. Nc3 Nc6 4. d4 cxd4 5. Nxd4 Nf6 6. Bc4 Qb6 7. Nb3 e6 8. Be3 Qc7 9. 0-0 a6 10. Bd3 b5 11. f4 Be7 12. a3 0-0 13. g4 Re8 14. g5 Nd7 15. Qh5 g6 16. Qf3 Rb8 17. Rae1 b4 18. Nd1 Bf8 19. Nf2 Bg7 20. Ng4 Rf8 21. h4 f5 22. exf5 gxf5 23. Nh6+ Kh8 24. Qh5 Nb6 25. Bxb6 Rxb6 26. Kh1 bxa3 27. bxa3 Bc3 28. Re3 Ne7 29. Nf7+ Kg7 30. Nh6 a5 31. Qe2 a4 32. Nd2 e5 33. h5 Nd5 34. Ref3 Nxf4 35. Rxf4 exf4 36. Nf3 Rc6 37. Qg2 Rc5 38. Kh2 Qe7 39. Rf2 Bb7 40. Rf1 Bd4 41. Kh3 Qe8 42. Kh4 Bc3 43. Qf2 Qe3 44. Kh3 Kh8 45. g6 hxg6 46. hxg6 Kg7 47. Nf7 Be4 48. Kg2 Rd5 49. Rg1 Bxd3 0-1

[Event "FICGS class A 000209 email"]
[Site "FICGS email"]
[Date "2019.04.07"]
[Round "1"]
[White "Maceda, Coco"]
[Black "Novikov, Evgeny"]
[Result "1/2-1/2"]
[WhiteElo "2049"]
[BlackElo "2106"]
[PlyCount "59"]
[EventDate "2019.??.??"]
[EventType "tourn (corr)"]
[EventRounds "6"]
[SourceTitle "Corr 2022"]
[Source "ChessBase"]
[SourceDate "2021.10.24"]
[SourceVersion "1"]
[SourceVersionDate "2021.10.24"]
[SourceQuality "1"]

1. e4 c5 2. Nf3 d6 3. d4 cxd4 4. Nxd4 Nf6 5. Nc3 Nc6 6. Bg5 e6 7. Qd2 Be7 8. 0-0-0 0-0 9. f4 Nxd4 10. Qxd4 Qa5 11. Kb1 h6 12. h4 Rd8 13. Bd3 Qc5 14. Bxf6 gxf6 15. Be2 Qxd4 16. Rxd4 Bd7 17. g4 a6 18. f5 b5 19. Bf3 a5 20. Ne2 b4 21. Rd3 Rdc8 22. Rd2 Ra7 23. Rc1 a4 24. c3 b3 25. a3 Kf8 26. Rcd1 Ke8 27. Rd3 Rc4 28. Ng3 Bc6 29. Kc1 Kf8 30. R1d2 1/2-1/2

[Event "SC-2018-0-00351"]
[Site "LSS email"]
[Date "2018.05.29"]
[Round "?"]
[White "Mostowik, Pawel"]
[Black "Novikov, Evgeny"]
[Result "1/2-1/2"]
[WhiteElo "1860"]
[BlackElo "1842"]
[PlyCount "58"]
[EventDate "2018.03.21"]
[EventType "tourn (corr)"]
[EventRounds "6"]
[EventCountry "GER"]
[SourceTitle "Corr 2022"]
[Source "ChessBase"]
[SourceDate "2021.10.24"]
[SourceVersion "1"]
[SourceVersionDate "2021.10.24"]
[SourceQuality "1"]

1. e4 e5 2. Nf3 Nc6 3. Bb5 Nf6 4. 0-0 Nxe4 5. Re1 Nd6 6. Nxe5 Be7 7. Bf1 Nxe5 8. Rxe5 0-0 9. Nc3 Bf6 10. Re1 Re8 11. Rxe8+ Nxe8 12. Nd5 Bg5 13. d4 Bxc1 14. Rxc1 c6 15. Nf4 d5 16. Bd3 Qf6 17. Qd2 Nd6 18. Nh5 Qh4 19. Nf4 g6 20. Re1 Bf5 21. g3 Qf6 22. Bxf5 Qxf5 23. Nd3 Ne4 24. Qb4 Qd7 25. Kg2 Re8 26. f3 Ng5 27. Rxe8+ Qxe8 28. Qd2 f6 29. h4 Ne6 1/2-1/2

[Event "SC-2018-0-00351"]
[Site "LSS email"]
[Date "2018.05.29"]
[Round "?"]
[White "Novikov, Evgeny"]
[Black "Krug, Evgeny"]
[Result "1/2-1/2"]
[WhiteElo "1842"]
[BlackElo "1796"]
[PlyCount "48"]
[EventDate "2018.03.21"]
[EventType "tourn (corr)"]
[EventRounds "6"]
[EventCountry "GER"]
[SourceTitle "Corr 2022"]
[Source "ChessBase"]
[SourceDate "2021.10.24"]
[SourceVersion "1"]
[SourceVersionDate "2021.10.24"]
[SourceQuality "1"]

1. d4 d5 2. Bf4 c5 3. e3 Nc6 4. Nc3 cxd4 5. exd4 a6 6. h3 Bf5 7. Bd3 Bxd3 8. Qxd3 e6 9. Nf3 Nge7 10. Ne2 Ng6 11. Bg3 h5 12. h4 Nce7 13. Qb3 Qd7 14. c3 Nf5 15. Nf4 Nxg3 16. Nxg6 fxg6 17. Ne5 Qb5 18. Qxb5+ axb5 19. fxg3 Bd6 20. 0-0 Bxe5 21. dxe5 Ke7 22. Rf4 Rhf8 23. Rb4 Kd7 24. Rxb5 Kc6 1/2-1/2

[Event "SB-2018-0-00533"]
[Site "LSS email"]
[Date "2018.05.29"]
[Round "?"]
[White "Schubert, Steffen"]
[Black "Novikov, Evgeny"]
[Result "1/2-1/2"]
[WhiteElo "1935"]
[BlackElo "1842"]
[PlyCount "38"]
[EventDate "2018.04.23"]
[EventType "tourn (corr)"]
[EventRounds "6"]
[EventCountry "GER"]
[SourceTitle "Corr 2022"]
[Source "ChessBase"]
[SourceDate "2021.10.24"]
[SourceVersion "1"]
[SourceVersionDate "2021.10.24"]
[SourceQuality "1"]

1. e4 e5 2. Nf3 Nc6 3. Bb5 Nf6 4. d4 exd4 5. e5 Nd5 6. 0-0 Be7 7. Nxd4 a6 8. Nf5 0-0 9. Be2 Nb6 10. Nxe7+ Qxe7 11. Nc3 Qxe5 12. Re1 d5 13. Bf3 Qd6 14. Nxd5 Nxd5 15. Qxd5 Nd4 16. Qxd6 Nxf3+ 17. gxf3 cxd6 18. Re7 Bf5 19. Bf4 Bxc2 1/2-1/2

[Event "SC-2018-0-00352"]
[Site "LSS email"]
[Date "2018.05.29"]
[Round "?"]
[White "Vysotskiy, Evgeniy"]
[Black "Novikov, Evgeny"]
[Result "1/2-1/2"]
[WhiteElo "1869"]
[BlackElo "1842"]
[PlyCount "48"]
[EventDate "2018.03.28"]
[EventType "tourn (corr)"]
[EventRounds "6"]
[EventCountry "GER"]
[SourceTitle "Corr 2022"]
[Source "ChessBase"]
[SourceDate "2021.10.24"]
[SourceVersion "1"]
[SourceVersionDate "2021.10.24"]
[SourceQuality "1"]

1. e4 e5 2. Nf3 Nc6 3. Bb5 a6 4. Ba4 Nf6 5. d3 b5 6. Bb3 Be7 7. a4 b4 8. 0-0 0-0 9. a5 d6 10. Nbd2 h6 11. Re1 Be6 12. h3 Bxb3 13. Nxb3 Re8 14. Nh2 Nh7 15. Nf3 Qd7 16. Bd2 Nf8 17. Nh2 Rab8 18. Nf1 Bg5 19. Ne3 Bxe3 20. Bxe3 Ng6 21. Qe2 Rb5 22. Bd2 Qe6 23. Rf1 Nf8 24. Rab1 d5 1/2-1/2

[Event "SC-2016-0-00301"]
[Site "LSS email"]
[Date "2016.09.10"]
[Round "?"]
[White "Novikov, Evgeny"]
[Black "Novikov, Konstantin Ivan"]
[Result "0-1"]
[WhiteElo "1846"]
[BlackElo "1835"]
[PlyCount "102"]
[EventDate "2016.07.25"]
[EventType "tourn (corr)"]
[EventRounds "6"]
[EventCountry "GER"]
[SourceTitle "Corr 2022"]
[Source "ChessBase"]
[SourceDate "2021.10.24"]
[SourceVersion "1"]
[SourceVersionDate "2021.10.24"]
[SourceQuality "1"]

1. Nf3 Nf6 2. d4 d5 3. Bf4 c5 4. Nc3 cxd4 5. Qxd4 Nc6 6. Qd3 Bg4 7. 0-0-0 e6 8. e4 dxe4 9. Nxe4 Qxd3 10. Bxd3 Nd5 11. Bg3 0-0-0 12. a3 Be7 13. Rhe1 f5 14. Neg5 f4 15. Bh4 h6 16. Nxe6 Bxf3 17. Bxe7 Bxd1 18. Bxd8 Bg4 19. c4 Bxe6 20. cxd5 Bxd5 21. Be7 Kd7 22. Bf5+ Kc7 23. g4 b6 24. Kc2 Be6 25. Bxe6 Re8 26. Bb4 Nd4+ 27. Kd3 Nxe6 28. Ke4 g6 29. Rd1 Kc6 30. Ke5 Nc7+ 31. Kxf4 Nd5+ 32. Kf3 Nxb4 33. axb4 Re7 34. Rd8 Kb5 35. Rh8 h5 36. gxh5 gxh5 37. Rxh5+ Kxb4 38. h4 b5 39. Rf5 a6 40. Rf6 Ra7 41. h5 Kb3 42. Rg6 a5 43. h6 b4 44. Ke4 Kxb2 45. f4 b3 46. Ke5 a4 47. f5 a3 48. Rg7 Ra8 49. Rg2+ Kc3 50. Rg3+ Kb4 51. Rg4+ Kb5 0-1

[Event "SC-2016-0-00301"]
[Site "LSS email"]
[Date "2016.09.10"]
[Round "?"]
[White "Novikov, Evgeny"]
[Black "Pech, Jaroslav Sr"]
[Result "0-1"]
[WhiteElo "1846"]
[BlackElo "1773"]
[PlyCount "98"]
[EventDate "2016.07.25"]
[EventType "tourn (corr)"]
[EventRounds "6"]
[EventCountry "GER"]
[SourceTitle "Corr 2022"]
[Source "ChessBase"]
[SourceDate "2021.10.24"]
[SourceVersion "1"]
[SourceVersionDate "2021.10.24"]
[SourceQuality "1"]

1. Nf3 Nf6 2. d4 g6 3. c4 Bg7 4. Nc3 0-0 5. e4 d6 6. Be2 e5 7. dxe5 dxe5 8. Bg5 Nbd7 9. Qc2 c6 10. Rd1 Qe7 11. 0-0 Nc5 12. h3 Ne6 13. Be3 Nd7 14. b3 f5 15. exf5 gxf5 16. Rfe1 e4 17. Nd4 Ndc5 18. Nxe6 Nxe6 19. c5 Kh8 20. Bc4 f4 21. Bc1 e3 22. Ne4 Nd4 23. Rxd4 Bxd4 24. fxe3 f3 25. gxf3 Bg7 26. Qg2 b5 27. Bf1 Be6 28. Kh1 Bd5 29. Bd3 Rg8 30. Rg1 Be5 31. Qf1 a5 32. Rxg8+ Rxg8 33. Bd2 b4 34. Be1 Rg7 35. Bf2 Qxc5 36. Bg1 Qe7 37. Bc4 Bc7 38. Bxd5 cxd5 39. Nf2 Qe6 40. Nd3 Rg3 41. Nf4 Rxg1+ 42. Qxg1 Bxf4 43. Qa1+ Be5 44. Qf1 Bc3 45. Qe2 d4 46. Kg2 Qxe3 47. Qc4 d3 48. Qc8+ Kg7 49. Qb7+ Kg6 0-1

[Event "SC-2016-0-00301"]
[Site "LSS email"]
[Date "2016.09.10"]
[Round "?"]
[White "Vysotskiy, Evgeniy"]
[Black "Novikov, Evgeny"]
[Result "1/2-1/2"]
[WhiteElo "1867"]
[BlackElo "1846"]
[PlyCount "103"]
[EventDate "2016.07.25"]
[EventType "tourn (corr)"]
[EventRounds "6"]
[EventCountry "GER"]
[SourceTitle "Corr 2022"]
[Source "ChessBase"]
[SourceDate "2021.10.24"]
[SourceVersion "1"]
[SourceVersionDate "2021.10.24"]
[SourceQuality "1"]

1. d4 d5 2. c4 e6 3. e3 Nf6 4. Nc3 c5 5. Nf3 Nc6 6. Be2 Be7 7. 0-0 0-0 8. dxc5 Bxc5 9. a3 dxc4 10. Bxc4 a6 11. Bd3 Bd6 12. b4 b5 13. Bb2 Bb7 14. Qe2 Rc8 15. Rfd1 Qe7 16. Ne4 Nxe4 17. Bxe4 h6 18. Rac1 Rfd8 19. Bb1 Rd7 20. h3 Rdd8 21. Qc2 g6 22. Qe2 e5 23. Nd2 Qe6 24. Ne4 Be7 25. Nc3 Rxd1+ 26. Rxd1 Rd8 27. Ba2 Rxd1+ 28. Qxd1 Qd6 29. Qxd6 Bxd6 30. Ne4 Be7 31. Bd5 Kg7 32. Bxe5+ Nxe5 33. Bxb7 Nc4 34. Nc3 Nxa3 35. Nd5 Bd6 36. Bxa6 Nc2 37. Bxb5 Nxb4 38. Nf4 Na2 39. g4 Be5 40. Nd3 Bd6 41. Kg2 Nc3 42. Be8 Kf6 43. f4 g5 44. Kf3 Nb1 45. Nf2 Ke7 46. Bc6 Nd2+ 47. Ke2 Nc4 48. Nd3 Na3 49. Kf3 Nc4 50. Nf2 Nd2+ 51. Ke2 Nc4 52. Nd3 1/2-1/2

[Event "LSS No Engine Cup 139 Final"]
[Site "LSS email"]
[Date "2016.05.07"]
[Round "?"]
[White "Novikov, Evgeny"]
[Black "Van Bommel, Ton"]
[Result "1/2-1/2"]
[WhiteElo "2015"]
[BlackElo "2321"]
[PlyCount "77"]
[EventDate "2016.05.08"]
[EventType "tourn (corr)"]
[EventRounds "6"]
[EventCountry "GER"]
[SourceTitle "Corr 2022"]
[Source "ChessBase"]
[SourceDate "2021.10.24"]
[SourceVersion "1"]
[SourceVersionDate "2021.10.24"]
[SourceQuality "1"]

1. e4 e5 2. Nf3 Nc6 3. Bb5 a6 4. Ba4 Nf6 5. 0-0 Be7 6. d3 d6 7. c4 0-0 8. h3 Nd4 9. Nxd4 exd4 10. Nd2 c6 11. Nf3 b5 12. Bb3 c5 13. Re1 Nd7 14. cxb5 axb5 15. Bd5 Ra7 16. Bf4 Nb6 17. Bc6 Bd7 18. Bxd7 Qxd7 19. a3 Re8 20. Qb3 Na4 21. Rab1 Qb7 22. Bg3 Ra6 23. Bh4 Bxh4 24. Nxh4 Rb6 25. Nf3 h6 26. Qc2 Qd7 27. Ra1 Kh7 28. Reb1 Rbb8 29. Re1 Re6 30. Nd2 Rg6 31. Kh1 Rf6 32. f3 Qe8 33. Rf1 Qe5 34. Nb3 Rd8 35. Rae1 Re8 36. Qd2 g5 37. Nc1 Rb8 38. Qc2 Rc8 39. Ne2 1/2-1/2

[Event "LSS No Engine Cup 139 Final"]
[Site "LSS email"]
[Date "2016.05.07"]
[Round "?"]
[White "Szczepanski, Zbigniew"]
[Black "Novikov, Evgeny"]
[Result "1-0"]
[WhiteElo "1941"]
[BlackElo "2015"]
[PlyCount "81"]
[EventDate "2016.05.08"]
[EventType "tourn (corr)"]
[EventRounds "6"]
[EventCountry "GER"]
[SourceTitle "Corr 2022"]
[Source "ChessBase"]
[SourceDate "2021.10.24"]
[SourceVersion "1"]
[SourceVersionDate "2021.10.24"]
[SourceQuality "1"]

1. e4 c5 2. Nf3 e6 3. d4 cxd4 4. Nxd4 Nc6 5. Nc3 Nf6 6. Nxc6 bxc6 7. e5 Nd5 8. Ne4 Qc7 9. f4 Qb6 10. c4 Ne3 11. Qd3 Bb4+ 12. Bd2 0-0 13. Rc1 Nxf1 14. Rxf1 Be7 15. Bc3 Rd8 16. Qg3 g6 17. Rf2 Bb7 18. f5 exf5 19. Rxf5 Rf8 20. Rd1 Rae8 21. Rxd7 Bc8 22. Rxe7 Rxe7 23. c5 Qb7 24. Nf6+ Kg7 25. Qh4 h6 26. Ng4 Rh8 27. e6+ Kg8 28. Bxh8 Rxe6+ 29. Be5 Rxe5+ 30. Rxe5 Qb4+ 31. Kf2 Qf4+ 32. Kg1 Bxg4 33. Re8+ Kg7 34. h3 Qc1+ 35. Kh2 Qf4+ 36. Qg3 Qxg3+ 37. Kxg3 Be6 38. b3 Kf6 39. Ra8 Ke5 40. Rxa7 Kd4 41. b4 1-0

[Event "LSS No Engine Cup 139 Final"]
[Site "LSS email"]
[Date "2016.05.07"]
[Round "?"]
[White "Vysotskiy, Evgeniy"]
[Black "Novikov, Evgeny"]
[Result "1/2-1/2"]
[WhiteElo "2014"]
[BlackElo "2015"]
[PlyCount "60"]
[EventDate "2016.05.08"]
[EventType "tourn (corr)"]
[EventRounds "6"]
[EventCountry "GER"]
[SourceTitle "Corr 2022"]
[Source "ChessBase"]
[SourceDate "2021.10.24"]
[SourceVersion "1"]
[SourceVersionDate "2021.10.24"]
[SourceQuality "1"]

1. e4 c5 2. Nf3 Nc6 3. d4 cxd4 4. Nxd4 e5 5. Nb5 d6 6. N1c3 a6 7. Na3 Nf6 8. Bg5 Be6 9. Nc4 Rc8 10. Nd5 Bxd5 11. Bxf6 gxf6 12. Qxd5 Nd4 13. 0-0-0 Qe7 14. c3 Rc5 15. Nxd6+ Qxd6 16. Qxd6 Bxd6 17. Kb1 Ke7 18. cxd4 exd4 19. g3 Rhc8 20. Bh3 R8c6 21. Rd2 Rb5 22. f4 Ba3 23. Rf1 a5 24. Rc1 Bb4 25. Rxd4 Rxc1+ 26. Kxc1 Rh5 27. Rd7+ Ke8 28. Bg4 Rc5+ 29. Kd1 f5 30. Bxf5 Rxf5 1/2-1/2

[Event "SC-2015-0-00273"]
[Site "LSS email"]
[Date "2015.10.14"]
[Round "?"]
[White "Novikov, Evgeny"]
[Black "Van Gysel, Marc"]
[Result "0-1"]
[WhiteElo "1893"]
[BlackElo "1859"]
[PlyCount "68"]
[EventDate "2015.08.27"]
[EventType "tourn (corr)"]
[EventRounds "6"]
[EventCountry "GER"]
[SourceTitle "Corr 2022"]
[Source "ChessBase"]
[SourceDate "2021.10.24"]
[SourceVersion "1"]
[SourceVersionDate "2021.10.24"]
[SourceQuality "1"]

1. e4 c5 2. Nf3 Nc6 3. Nc3 d6 4. d4 cxd4 5. Nxd4 e6 6. Be2 Nf6 7. 0-0 Be7 8. Qd3 0-0 9. Rd1 Nxd4 10. Qxd4 Bd7 11. Be3 Bc6 12. a4 b6 13. b4 Qc7 14. a5 Rfc8 15. b5 Be8 16. Na4 Nd7 17. Qd2 bxa5 18. c4 Rab8 19. g3 Ne5 20. Rac1 a6 21. f4 Nd7 22. bxa6 Nc5 23. Nxc5 dxc5 24. f5 e5 25. Rb1 Rb4 26. Rxb4 cxb4 27. Kg2 Ba4 28. Ra1 Bc6 29. Qc2 Rb8 30. a7 Ra8 31. Bf3 a4 32. Rb1 Rxa7 33. Bxa7 Qxa7 34. Qd3 a3 0-1

[Event "SC-2015-0-00273"]
[Site "LSS email"]
[Date "2015.10.12"]
[Round "?"]
[White "Novikov, Evgeny"]
[Black "Krug, Evgeny"]
[Result "1/2-1/2"]
[WhiteElo "1893"]
[BlackElo "1792"]
[PlyCount "62"]
[EventDate "2015.08.27"]
[EventType "tourn (corr)"]
[EventRounds "6"]
[EventCountry "GER"]
[SourceTitle "Corr 2022"]
[Source "ChessBase"]
[SourceDate "2021.10.24"]
[SourceVersion "1"]
[SourceVersionDate "2021.10.24"]
[SourceQuality "1"]

1. g3 d5 2. d4 Nf6 3. Nf3 c5 4. dxc5 e6 5. Be3 Nc6 6. h3 Be7 7. Bg2 0-0 8. 0-0 e5 9. c3 a5 10. Nbd2 Nd7 11. a3 Nxc5 12. b4 Ne6 13. b5 d4 14. cxd4 exd4 15. Bf4 Na7 16. Qb3 a4 17. Qd3 Bd7 18. b6 Qxb6 19. Nc4 Qc5 20. Nce5 Bb5 21. Qe4 Qb6 22. h4 f6 23. Nd3 Qc6 24. Qf5 Qd7 25. Bh3 Nxf4 26. Nxf4 Qxf5 27. Bxf5 g5 28. Nd5 Bxe2 29. Nxe7+ Kf7 30. Nxd4 Bxf1 31. Nd5 Ba6 1/2-1/2

[Event "FICGS class C 000231 email"]
[Site "FICGS email"]
[Date "2015.09.30"]
[Round "1"]
[White "Duenas, Alexis"]
[Black "Novikov, Evgeny"]
[Result "1/2-1/2"]
[WhiteElo "1901"]
[BlackElo "2111"]
[PlyCount "67"]
[EventDate "2015.??.??"]
[EventType "tourn (corr)"]
[EventRounds "1"]
[SourceTitle "Corr 2022"]
[Source "ChessBase"]
[SourceDate "2021.10.24"]
[SourceVersion "1"]
[SourceVersionDate "2021.10.24"]
[SourceQuality "1"]

1. d4 d5 2. c4 e6 3. Nf3 Be7 4. g3 Nf6 5. Bg2 0-0 6. 0-0 dxc4 7. Qc2 a6 8. Qxc4 b5 9. Qc2 Bb7 10. Bd2 Nbd7 11. Ba5 Rc8 12. Nbd2 Nb8 13. a3 Qe8 14. Bb4 Nbd7 15. Bxe7 Qxe7 16. b4 e5 17. Nxe5 Bxg2 18. Kxg2 Nxe5 19. dxe5 Qxe5 20. Nf3 Qe6 21. Rac1 Rfe8 22. e3 c5 23. bxc5 Qc6 24. Rfd1 Ne4 25. Nd4 Qxc5 26. Qxc5 Rxc5 27. Rxc5 Nxc5 28. Rc1 Nd3 29. Rc7 Kf8 30. Kf1 Ra8 31. Nf3 Re8 32. Nd4 Ra8 33. Nf3 Re8 34. Nd4 1/2-1/2

[Event "FICGS class C 000231 email"]
[Site "FICGS email"]
[Date "2015.09.30"]
[Round "1"]
[White "Novikov, Evgeny"]
[Black "Cirulis, Ilmars"]
[Result "0-1"]
[WhiteElo "2111"]
[BlackElo "1908"]
[PlyCount "96"]
[EventDate "2015.??.??"]
[EventType "tourn (corr)"]
[EventRounds "1"]
[SourceTitle "Corr 2022"]
[Source "ChessBase"]
[SourceDate "2021.10.24"]
[SourceVersion "1"]
[SourceVersionDate "2021.10.24"]
[SourceQuality "1"]

1. d4 Nc6 2. e4 d5 3. e5 Bf5 4. Nf3 e6 5. Be2 Nb4 6. Na3 Nc6 7. 0-0 Bxa3 8. bxa3 a6 9. Rb1 b6 10. Qd2 h6 11. Bb2 Nge7 12. Bc3 0-0 13. Ne1 Nb8 14. Nd3 Nd7 15. f4 c5 16. dxc5 Nxc5 17. Nxc5 bxc5 18. g4 Be4 19. Bd3 Bxd3 20. cxd3 d4 21. Ba5 Qd7 22. Qc2 Rac8 23. Bd2 Nd5 24. Qc4 Rfd8 25. Kf2 Ne3 26. Bxe3 dxe3+ 27. Kxe3 Qe7 28. Qc2 Rd4 29. Rb4 Qh4 30. Qe2 Rxd3+ 31. Kxd3 cxb4 32. axb4 Qh3+ 33. Qf3 Qxh2 34. Rf2 Qg1 35. Rd2 g6 36. a3 Qa1 37. Ke2 Rc1 38. Qb3 Re1+ 39. Kd3 Qc1 40. Qb2 Qc6 41. Qd4 Kh7 42. Qa7 Kg7 43. Qd4 Rh1 44. Qc5 Qf3+ 45. Qe3 Qf1+ 46. Qe2 Rh3+ 47. Kc2 Qa1 48. Qc4 Rxa3 0-1